| 000 | 01149nam0a22003011 4500 | ||
|---|---|---|---|
| 001 | rc\3629153 | ||
| 005 | 20250610084313.0 | ||
| 021 |
_aRU _b[73-34] |
||
| 035 | _a(NLR Aleph) 007824087 | ||
| 090 |
_a7753337 _c7753337 |
||
| 100 | _a20130115d1972 |||y0rusy50 ca | ||
| 101 | 0 | _arus | |
| 102 | _aRU | ||
| 105 | _aa z ||||| | ||
| 200 | 1 | _aОптимизация систем многосвязного управления | |
| 210 |
_aМосква _cНаука _d1972 |
||
| 215 |
_a344 с. _cчерт. _d21 |
||
| 225 | 1 | _aТеоретические основы технической кибернетики | |
| 320 | _aСписок лит.: с. 339-344 (101 назв.) | ||
| 606 |
_aАвтоматические системы управления, многосвязные _xОптимизация _2psbo |
||
| 700 | 1 |
_4070 _7ca _8rus _aМееров _bМ. В. _f1911-2004 _gМихаил Владимирович _9271767 _3RU\NLR\AUTH\770271823 |
|
| 701 | 1 |
_aЛитвак _bБ.Л. _gБорис Львович |
|
| 801 | 0 |
_aRU _bNLR _gpsbo |
|
| 801 | 1 |
_aRU _bELAR _2rusmarc |
|
| 852 |
_aNLR _j72-3/11344 |
||
| 942 | _cBOOK | ||
| 980 | _aNB | ||